A Ventacid Hungária Kft. minőségirányítási rendszerének, továbbá környezettudatos működésének a vizsgálata

Bibliográfiai részletek
Szerző: Wiesner Ákos
További közreműködők: Tóth Antal
Dokumentumtípus: Diplomadolgozat
Kulcsszavak:Környezetvédelem
Minőségirányítás
MSZ EN ISO 9001:2009
Online Access:http://dolgozattar.uni-bge.hu/470

MARC

LEADER 00000nta a2200000 i 4500
001 dolg470
005 20150804100401.0
008 150305suuuu hu om 000 hun d
040 |a BGE Dolgozattár Repozitórium  |b hun 
041 |a hu 
100 1 |a Wiesner Ákos 
245 1 2 |a A Ventacid Hungária Kft. minőségirányítási rendszerének, továbbá környezettudatos működésének a vizsgálata  |c Wiesner Ákos  |h [elektronikus dokumentum] 
246 1 1 |a A Ventacid Hungária Kft. minőségirányítási rendszerének, továbbá környezettudatos működésének a vizsgálata 
695 |a Környezetvédelem 
695 |a Minőségirányítás 
695 |a MSZ EN ISO 9001:2009 
700 1 |a Tóth Antal  |e ths 
856 4 0 |u http://dolgozattar.uni-bge.hu/470/1/Wiesner%20%C3%81kos%20szakdolgozat.pdf  |z Dokumentum-elérés 
856 4 0 |u http://dolgozattar.uni-bge.hu/470/7/HivatalosBejegyzes%20%2842%29.pdf  |z Dokumentum-elérés